000 00956cam a2200265 i 4500
003 SA-RiAUC
005 20251105114538.0
008 251103s1994 su g 00010 ara c
040 _aSA-JeALM
_bara
_cSA-RiAUC
_erda
082 0 4 _a252.5
090 _a252.5
_bن ق ي
100 1 _aنقي، عبد الرحيم عبد الله
_eمؤلف.
245 1 0 _aرحلة الحاج والمعتمر /
_cإعداد عبد الرحيم نقي ؛ مراجعة محمد المنصور.
250 _aالطبعة الثانية.
264 1 _c1993
300 _a81 صفحة ؛
_c18 سم
336 _aنص
_btxt
_2rdacontent
_3كتاب
337 _aبدون وسيط
_bn
_2rdamedia
338 _aمجلد
_bnc
_2rdacarrier
650 7 _aالحج (فقه إسلامي)
_2aucsh
650 7 _aالعمرة (فقه إسلامي)
_2aucsh
700 1 _aالمنصور، محمد
_eمراجع.
942 _2ddc
_cBOOK
_n0
949 _aSA-JeALM
_d251103
_umohamedma123
_n1
999 _c13002
_d13002